Normal view
MARC view
Entry Topical Term
001 - CONTROL NUMBER
- control field: 37890
003 - CONTROL NUMBER IDENTIFIER
- control field: OSt
005 - DATE AND TIME OF LATEST TRANSACTION
- control field: 20240309180020.0
008 - FIXED-LENGTH DATA ELEMENTS
- fixed length control field: 240309|| aca||aabn | a|a d
040 ## - CATALOGING SOURCE
- Original cataloging agency: OSt
- Transcribing agency: OSt
150 ## - HEADING--TOPICAL TERM
- Topical term or geographic name entry element: ပါဠိစာပေ
- Form subdivision: သမိုင်း
670 ## - SOURCE DATA FOUND
- Source citation: Work cat.: (OSt): ဖို့(ဒ်)၊ အမ်အိပ်ချ်။ 37889, မြန်မာနိုင်ငံ ပါဠိစာပေသမိုင်း /, ၂၀၁၁။